000 00453nam a2200181Ia 4500
008 230524s9999 xx 000 0 und d
020 _a9788183510059
082 _bKRI
100 _aKVSG Murali Krishna
_941947
245 0 _aPlacement & Personality Development
250 _a1
260 _aBBSR
_bReem
_c2008
300 _aM65p;
500 _aQuantity Number: 1
650 _aMiscellaneous
_91877
700 _a Kvkk Prasad
_941948
942 _cBK
999 _c56366
_d56366